000
00365nam a2200169Ia 4500
003
0STCL
008
150530s9999 xx 000 0 und d
040
_a
STCL
_c
STCL
100
_a
Archambeaud,G.
245
_a
Our leader and saviour Vol-I
260
_c
1967
300
_a
0
546
_a
English
942
_2
ddc
_c
BK
999
_c
4878
_d
4878
005
20220125165403.0